00810nam a2200241 a 4500008004100000020002200041049000900063090001200072100002500084245009700109260005900206300001000265500002000275650001800295700001700313907003500330003000100365005001700366040000900383942001900392999001900411952013800430  a1842600184 (pbk.) aMAIN aKDK14601 aBrennan, Frank 10aCorporation Tax :bFinance Act 2001/cFrank Brennan and Paul Moore ;edited by Andrew Clarke. aDubIin :bThe Institute of Taxation In Ireland,c2001. a13th. aIncludes index. 1aCorporate Tax aMoore, Paul. a.b10158649b13-04-05c10-03-0520230123133950.0 cNUST cBOOKSkKDK1460 c157686d157686 r2023-01-23 00:00:00l2oKDK1460 BREp92003035942v80.00w2023-01-23yBOOKS102LCC40708NFIC00aMAINbMAINcGENd2023-01-23g80.00